000 00348nam a2200145Ia 4500
008 210210b1943 xxu||||| |||| 00| 0 eng d
041 _aeng
082 _a886/56
100 _aSHASTRI (Shridhara) Ed
245 _aIshavasyopanishat
260 _aPoona
_b-
_c1943
650 _aIshavasyopanishat
690 _aSanskrit Criticism
906 _a024563
999 _c150103
_d150103